We are living in a materials world (Record no. 82975)

MARC details
000 -LEADER
fixed length control field 00964cab a22002055a 4500
001 - CONTROL NUMBER
control field L152459
008 - FIXED-LENGTH DATA ELEMENTS--GENERAL INFORMATION
fixed length control field 110309e20110211xxk 000 0 eng d
035 ## - SYSTEM CONTROL NUMBER
System control number (Sirsi) u152459
041 0# - LANGUAGE CODE
Language code of text/sound track or separate title eng
100 1# - MAIN ENTRY--PERSONAL NAME
Personal name Lowery, Dave
245 00 - TITLE STATEMENT
Title We are living in a materials world
Remainder of title contractors find themselves between a rock and a hard place - the rock is the relentless rise of raw materials, the hard place is feeble demand and low margins. But is there anything they can do about it?
260 ## - PUBLICATION, DISTRIBUTION, ETC.
Date of publication, distribution, etc. 2011
490 ## - SERIES STATEMENT
Series statement Building
Volume/sequential designation 276 (8668) 4 March 2011, 34-37(4)
520 ## - SUMMARY, ETC.
Summary, etc. Demand for raw materials from China; the threat posed by rising materials costs in the UK should not be underestimated; focus on iron ore, copper and oil, 2 estimators' views on tendering and supply and demand; ways that UK-based firms can reduce the impact.
590 ## - LOCAL NOTE (RLIN)
Local note KA
651 #4 - SUBJECT ADDED ENTRY--GEOGRAPHIC NAME
Geographic name United Kingdom
Chronological subdivision
651 #4 - SUBJECT ADDED ENTRY--GEOGRAPHIC NAME
Geographic name China
690 ## - LOCAL SUBJECT ADDED ENTRY--TOPICAL TERM (OCLC, RLIN)
Topical term or geographic name as entry element BUILT ENVIRONMENT-BUILDING COSTS
942 ## - ADDED ENTRY ELEMENTS (KOHA)
Suppress in OPAC 0
Holdings
Withdrawn status Lost status Source of classification or shelving scheme Damaged status Not for loan Home library Current library Shelving location Date acquired Total Checkouts Full call number Barcode Date last seen Copy number Price effective from Koha item type
    Dewey Decimal Classification     London London Journal article 09/03/2011   L152459 152459-1001 06/08/2019 1 06/08/2019 Journal article